000 00597nam a22001937a 4500
003 OSt
005 20241023185400.0
008 241023b |||||||| |||| 00| 0 eng d
020 _a978113702419x
040 _aMUST
_cDDC
082 _a658 PRO 2013
100 _aEdited by Lisa Anderson... (et al)
_919287
245 _aA Guide to Professional Doctorates in Business and Management/
260 _aUnited Kingdoms;
_bPalgrave Macmillan,
_c2013.
300 _avi.,248p.:
_bill;
_c27.8cm
504 _aIncludes Appendixes, Indexes and References
650 _aManagement
_9364
942 _2ddc
_cO_SHELF
999 _c9456
_d9456